Účetnictví v obchodním podniku
Enregistré dans:
| Auteur principal: | |
|---|---|
| Format: | Livre |
| Langue: | tchèque |
| Publié: |
Praha
Merkur
1985
|
| Édition: | 2.uprav. vyd. |
| Tags: |
Pas de tags, Soyez le premier à ajouter un tag!
|
MARC
| LEADER | 00000nam a2200000 4500 | ||
|---|---|---|---|
| 001 | c109934 | ||
| 005 | 20041019155145.3 | ||
| 041 | 0 | |a cze | |
| 044 | |a CZ | ||
| 245 | 1 | 0 | |a Účetnictví v obchodním podniku |c Jiří Klozar |
| 250 | |a 2.uprav. vyd. | ||
| 264 | 1 | |a Praha |b Merkur |c 1985 | |
| 300 | |a 508 s. | ||
| 100 | 1 | |a Klozar, Jiří | |